[Event "Team men PL"]
[Site "Sochi"]
[Date "2020.11.27"]
[Round "8.9"]
[White "Paravyan, David"]
[Black "Gaifullin, Artur"]
[Result "1-0"]
[BlackElo "2460"]
[WhiteElo "2654"]
[LiveChessVersion "1.4.8"]

1.Nf3 {[%clk 1:30:56]} Nf6 {[%clk 1:30:56]} 2.c4 {[%clk 1:31:20]}
e6 {[%clk 1:31:23]} 3.g3 {[%clk 1:31:46]} d5 {[%clk 1:31:49]}
4.Bg2 {[%clk 1:32:11]} d4 {[%clk 1:32:00]} 5.d3 {[%clk 1:32:34]}
c5 {[%clk 1:31:34]} 6.e4 {[%clk 1:32:59]} Nc6 {[%clk 1:30:28]}
7.e5 {[%clk 1:32:26]} Nd7 {[%clk 1:30:38]} 8.Bf4 {[%clk 1:30:10]}
Be7 {[%clk 1:30:48]} 9.h4 {[%clk 1:30:37]} O-O {[%clk 1:18:46]}
10.Nbd2 {[%clk 1:22:32]} Qc7 {[%clk 1:15:15]} 11.Qe2 {[%clk 1:22:55]}
b6 {[%clk 1:15:18]} 12.Ng5 {[%clk 0:46:56]} Bb7 {[%clk 1:15:22]}
13.Qe4 {[%clk 0:42:48]} g6 {[%clk 1:15:45]} 14.Kf1 {[%clk 0:39:34]}
Rab8 {[%clk 1:12:14]} 15.Re1 {[%clk 0:39:14]} b5 {[%clk 1:07:00]}
16.Qe2 {[%clk 0:37:50]} bxc4 {[%clk 1:05:21]} 17.Nxc4 {[%clk 0:38:15]}
Na5 {[%clk 1:01:57]} 18.Nxa5 {[%clk 0:36:42]} Qxa5 {[%clk 1:01:42]}
19.Bxb7 {[%clk 0:36:46]} Rxb7 {[%clk 1:01:59]} 20.b3 {[%clk 0:29:01]}
Qa6 {[%clk 0:57:15]} 21.h5 {[%clk 0:27:54]} Bxg5 {[%clk 0:56:54]}
22.Bxg5 {[%clk 0:28:17]} Qc6 {[%clk 0:57:22]} 23.Kg1 {[%clk 0:27:05]}
Qd5 {[%clk 0:57:45]} 24.f4 {[%clk 0:24:48]} Ra8 {[%clk 0:54:54]}
25.Qh2 {[%clk 0:19:49]} Nf8 {[%clk 0:55:13]} 26.Qh4 {[%clk 0:13:12]}
Qf3 {[%clk 0:53:23]} 27.g4 {[%clk 0:13:29]} Qxd3 {[%clk 0:52:28]}
28.Rh3 {[%clk 0:11:32]} Qc2 {[%clk 0:51:54]} 29.Bh6 {[%clk 0:08:17]}
f5 {[%clk 0:49:53]} 30.exf6 {[%clk 0:04:02]} d3 {[%clk 0:46:27]}
31.f5 {[%clk 0:04:29]} d2 {[%clk 0:45:41]} 32.Bxd2 {[%clk 0:04:54]}
Qxd2 {[%clk 0:46:08]} 33.fxe6 {[%clk 0:01:30]} Qd4+ {[%clk 0:44:48]}
34.Kf1 {[%clk 0:01:57]} Qf4+ {[%clk 0:42:50]} 35.Qf2 {[%clk 0:01:51]}
Nxe6 {[%clk 0:37:14]} 36.Rxe6 {[%clk 0:02:18]} Qxg4 {[%clk 0:37:37]}
37.Qe3 {[%clk 0:02:34]} Qd1+ {[%clk 0:34:58]} 38.Kg2 {[%clk 0:02:00]}
Qc2+ {[%clk 0:35:14]} 39.Kg3 {[%clk 0:00:47]} Rf8 {[%clk 0:35:07]}
40.Re7 {[%clk 0:30:32]} Rxe7 {[%clk 0:58:29]} 41.fxe7 {[%clk 0:30:45]}
Re8 {[%clk 0:58:48]} 42.Qe6+ {[%clk 0:20:35]} Kh8 {[%clk 0:59:08]}
43.hxg6 {[%clk 0:17:30]} Qd3+ {[%clk 0:59:32]} 44.Kg4 {[%clk 0:15:50]}
Qd4+ {[%clk 0:57:33]} 45.Kg5 {[%clk 0:12:26]} Qd2+ {[%clk 0:56:39]}
46.Qe3 {[%clk 0:11:00]} Qg2+ {[%clk 0:53:21]} 47.Rg3 {[%clk 0:11:16]}
Qd5+ {[%clk 0:53:45]} 48.Kf6 {[%clk 0:11:26]} 1-0

[Event "Team men PL"]
[Site "Sochi"]
[Date "2020.11.27"]
[Round "8.10"]
[White "Makhmutov, Rail"]
[Black "Antipov, Mikhail Al."]
[Result "0-1"]
[BlackElo "2607"]
[WhiteElo "2442"]
[LiveChessVersion "1.4.8"]

1.d4 {[%clk 1:30:57]} Nf6 {[%clk 1:30:54]} 2.c4 {[%clk 1:31:20]}
g6 {[%clk 1:31:19]} 3.Nc3 {[%clk 1:31:39]} d5 {[%clk 1:31:44]}
4.Nf3 {[%clk 1:27:50]} Bg7 {[%clk 1:32:07]} 5.Bg5 {[%clk 1:28:14]}
Ne4 {[%clk 1:32:27]} 6.Bh4 {[%clk 1:28:36]} Nxc3 {[%clk 1:27:01]}
7.bxc3 {[%clk 1:28:56]} dxc4 {[%clk 1:27:20]} 8.Qa4+ {[%clk 1:28:55]}
c6 {[%clk 1:17:45]} 9.Qxc4 {[%clk 1:28:46]} Qa5 {[%clk 1:15:05]}
10.e3 {[%clk 1:27:36]} Be6 {[%clk 1:08:24]} 11.Qd3 {[%clk 1:26:31]}
Nd7 {[%clk 0:56:02]} 12.Be2 {[%clk 1:23:05]} Nc5 {[%clk 0:51:02]}
13.Qc2 {[%clk 1:08:48]} Bf5 {[%clk 0:50:22]} 14.Qb2 {[%clk 1:04:44]}
Nd3+ {[%clk 0:45:48]} 15.Bxd3 {[%clk 1:05:11]} Bxd3 {[%clk 0:46:08]}
16.Qb4 {[%clk 1:04:38]} Qxb4 {[%clk 0:43:33]} 17.cxb4 {[%clk 1:02:00]}
a5 {[%clk 0:43:57]} 18.a3 {[%clk 0:57:49]} Kd7 {[%clk 0:36:17]}
19.Ne5+ {[%clk 0:36:49]} Bxe5 {[%clk 0:36:39]} 20.dxe5 {[%clk 0:37:17]}
Ke6 {[%clk 0:35:04]} 21.Kd2 {[%clk 0:35:09]} Rhd8 {[%clk 0:34:43]}
22.Kc3 {[%clk 0:35:15]} c5 {[%clk 0:20:17]} 23.bxc5 {[%clk 0:22:40]}
Rac8 {[%clk 0:20:32]} 24.Rac1 {[%clk 0:22:50]} Rxc5+ {[%clk 0:13:57]}
25.Kb2 {[%clk 0:22:51]} Rb5+ {[%clk 0:13:37]} 26.Ka1 {[%clk 0:23:06]}
Be4 {[%clk 0:13:13]} 27.Rc7 {[%clk 0:20:47]} g5 {[%clk 0:08:48]}
28.Bxg5 {[%clk 0:18:28]} f6 {[%clk 0:08:11]} 29.Bh4 {[%clk 0:11:44]}
Rd3 {[%clk 0:07:33]} 30.Rc2 {[%clk 0:11:50]} Bd5 {[%clk 0:07:46]} 0-1

[Event "Team men PL"]
[Site "Sochi"]
[Date "2020.11.27"]
[Round "8.11"]
[White "Lomasov, Semyon"]
[Black "Samusenko, Maksim"]
[Result "1/2-1/2"]
[BlackElo "2466"]
[WhiteElo "2528"]
[LiveChessVersion "1.4.8"]

1.e4 {[%clk 1:30:56]} c5 {[%clk 1:30:45]} 2.Nf3 {[%clk 1:31:21]}
Nc6 {[%clk 1:31:05]} 3.Nc3 {[%clk 1:31:42]} e5 {[%clk 1:30:33]}
4.Bc4 {[%clk 1:31:58]} Be7 {[%clk 1:30:47]} 5.d3 {[%clk 1:32:20]}
Nf6 {[%clk 1:31:00]} 6.Ng5 {[%clk 1:31:59]} O-O {[%clk 1:31:12]}
7.h4 {[%clk 1:32:08]} Nd4 {[%clk 1:16:35]} 8.Nd5 {[%clk 1:31:09]}
Ne6 {[%clk 0:56:39]} 9.Nxf6+ {[%clk 1:26:19]} Bxf6 {[%clk 0:57:04]}
10.Qh5 {[%clk 1:26:21]} h6 {[%clk 0:57:23]} 11.Nf3 {[%clk 1:09:01]}
d6 {[%clk 0:54:24]} 12.g4 {[%clk 1:05:44]} Be7 {[%clk 0:41:32]}
13.Rg1 {[%clk 1:03:07]} b5 {[%clk 0:36:18]} 14.Bd5 {[%clk 1:02:58]}
Rb8 {[%clk 0:36:38]} 15.Bd2 {[%clk 0:53:45]} Re8 {[%clk 0:28:28]}
16.g5 {[%clk 0:44:23]} g6 {[%clk 0:26:55]} 17.gxh6 {[%clk 0:44:45]}
Kh8 {[%clk 0:22:30]} 18.Qg4 {[%clk 0:45:02]} Nf4 {[%clk 0:21:51]}
19.Qg3 {[%clk 0:37:12]} Nxd5 {[%clk 0:22:11]} 20.exd5 {[%clk 0:37:06]}
Bf5 {[%clk 0:19:50]} 21.h5 {[%clk 0:18:47]} Kh7 {[%clk 0:13:38]}
22.Bg5 {[%clk 0:17:22]} c4 {[%clk 0:09:56]} 23.O-O-O {[%clk 0:13:00]}
Rc8 {[%clk 0:09:34]} 24.Kb1 {[%clk 0:08:11]} cxd3 {[%clk 0:06:18]}
25.cxd3 {[%clk 0:08:37]} Rc5 {[%clk 0:06:40]} 26.Bxe7 {[%clk 0:08:34]}
Qxe7 {[%clk 0:06:53]} 27.Ng5+ {[%clk 0:08:28]} Kh8 {[%clk 0:07:10]}
28.Qf3 {[%clk 0:08:23]} Rec8 {[%clk 0:06:54]} 29.Ne4 {[%clk 0:05:42]}
Rxd5 {[%clk 0:05:44]} 30.Ng3 {[%clk 0:05:14]} Be6 {[%clk 0:06:07]}
31.Ne4 {[%clk 0:05:02]} Bf5 {[%clk 0:05:53]} 32.Ng3 {[%clk 0:04:57]}
Be6 {[%clk 0:05:52]} 33.Ne4 {[%clk 0:03:12]} Bf5 {[%clk 0:04:20]}
34.Ng3 1/2-1/2

[Event "Team men PL"]
[Site "Sochi"]
[Date "2020.11.27"]
[Round "8.12"]
[White "Faizrakhmanov, Ramil"]
[Black "Kryakvin, Dmitry"]
[Result "1-0"]
[BlackElo "2577"]
[WhiteElo "2450"]
[LiveChessVersion "1.4.8"]

1.d4 {[%clk 1:30:57]} Nf6 {[%clk 1:30:52]} 2.c4 {[%clk 1:31:16]}
e6 {[%clk 1:31:15]} 3.Nf3 d5 4.Nc3 {[%clk 1:31:33]} Nbd7 {[%clk 1:31:52]}
5.Bf4 {[%clk 1:29:22]} dxc4 {[%clk 1:31:27]} 6.e3 {[%clk 1:29:26]}
b5 {[%clk 1:31:07]} 7.Nxb5 {[%clk 1:29:10]} Bb4+ {[%clk 1:30:14]}
8.Nc3 {[%clk 1:28:57]} Nd5 {[%clk 1:30:01]} 9.Rc1 {[%clk 1:28:37]}
N7b6 {[%clk 1:16:46]} 10.Bg3 {[%clk 1:27:45]} Bb7 {[%clk 1:09:39]}
11.Qc2 {[%clk 1:23:17]} O-O {[%clk 1:01:32]} 12.Be2 {[%clk 1:21:53]}
c5 {[%clk 0:56:49]} 13.O-O {[%clk 1:19:01]} cxd4 {[%clk 0:48:58]}
14.Nxd4 {[%clk 1:19:09]} Nxc3 {[%clk 0:48:50]} 15.bxc3 {[%clk 1:19:32]}
Bd6 {[%clk 0:49:13]} 16.Rfd1 {[%clk 1:18:43]} Bxg3 {[%clk 0:49:38]}
17.hxg3 {[%clk 1:19:06]} Qc7 {[%clk 0:48:22]} 18.Bf3 {[%clk 1:13:43]}
Bxf3 {[%clk 0:44:27]} 19.gxf3 {[%clk 1:10:29]} Rfd8 {[%clk 0:42:55]}
20.Kg2 {[%clk 1:09:42]} g6 {[%clk 0:41:47]} 21.Qe4 {[%clk 1:04:05]}
Rd5 {[%clk 0:38:25]} 22.f4 {[%clk 0:50:42]} Rad8 {[%clk 0:37:29]}
23.Rh1 {[%clk 0:45:56]} e5 {[%clk 0:34:23]} 24.fxe5 {[%clk 0:44:41]}
Rxe5 {[%clk 0:34:30]} 25.Qf3 {[%clk 0:43:20]} Rdd5 {[%clk 0:29:42]}
26.e4 {[%clk 0:36:25]} Ra5 {[%clk 0:28:23]} 27.Rh4 {[%clk 0:32:42]}
h5 {[%clk 0:25:44]} 28.Rf4 {[%clk 0:30:04]} Qb7 {[%clk 0:22:50]}
29.Rd1 {[%clk 0:28:58]} Rxa2 {[%clk 0:21:20]} 30.Nf5 {[%clk 0:23:46]}
Rxf5 {[%clk 0:16:05]} 31.Rd8+ {[%clk 0:23:14]} Kg7 {[%clk 0:16:06]}
32.exf5 {[%clk 0:23:33]} Qxf3+ {[%clk 0:16:19]} 33.Rxf3 {[%clk 0:23:57]}
gxf5 {[%clk 0:16:20]} 34.Rxf5 {[%clk 0:23:47]} Rc2 {[%clk 0:10:28]}
35.Rf3 {[%clk 0:22:28]} Re2 {[%clk 0:09:19]} 36.Rd6 {[%clk 0:22:31]}
Re7 {[%clk 0:08:30]} 37.Rc6 {[%clk 0:22:37]} 1-0

[Event "Team men PL"]
[Site "Sochi"]
[Date "2020.11.27"]
[Round "8.13"]
[White "Bykov, Oleg"]
[Black "Najer, Evgeniy"]
[Result "0-1"]
[BlackElo "2648"]
[WhiteElo "2362"]
[LiveChessVersion "1.4.8"]

1.d4 {[%clk 1:30:55]} Nf6 {[%clk 1:30:33]} 2.c4 {[%clk 1:31:13]}
e6 {[%clk 1:30:56]} 3.Nf3 {[%clk 1:31:29]} Bb4+ {[%clk 1:31:11]}
4.Nbd2 {[%clk 1:31:34]} d5 {[%clk 1:31:32]} 5.a3 {[%clk 1:31:07]}
Be7 {[%clk 1:30:53]} 6.g3 {[%clk 1:26:52]} O-O {[%clk 1:25:23]}
7.Bg2 {[%clk 1:27:05]} b6 {[%clk 1:24:59]} 8.cxd5 {[%clk 1:21:14]}
exd5 {[%clk 1:25:00]} 9.O-O {[%clk 1:20:42]} Bb7 {[%clk 1:17:26]}
10.b3 {[%clk 1:09:17]} Re8 {[%clk 1:16:30]} 11.Bb2 {[%clk 1:09:10]}
Bd6 {[%clk 1:10:31]} 12.Nh4 {[%clk 0:59:14]} Nbd7 {[%clk 1:01:59]}
13.Nc4 {[%clk 0:52:56]} Bf8 {[%clk 1:01:56]} 14.Ne5 {[%clk 0:52:40]}
Ne4 {[%clk 0:56:38]} 15.e3 {[%clk 0:50:14]} Ndf6 {[%clk 0:47:42]}
16.Qd3 {[%clk 0:40:16]} a5 {[%clk 0:44:39]} 17.Rfd1 {[%clk 0:39:05]}
c5 {[%clk 0:44:20]} 18.Rac1 {[%clk 0:35:09]} a4 {[%clk 0:42:00]}
19.bxa4 {[%clk 0:35:12]} c4 {[%clk 0:38:20]} 20.Qc2 {[%clk 0:35:24]}
Ra7 {[%clk 0:38:23]} 21.f3 {[%clk 0:33:43]} Ng5 {[%clk 0:34:31]}
22.Rb1 {[%clk 0:32:54]} Qc7 {[%clk 0:31:36]} 23.g4 {[%clk 0:32:23]}
Bc6 {[%clk 0:26:22]} 24.Qf5 {[%clk 0:27:08]} Ne6 {[%clk 0:04:31]}
25.g5 {[%clk 0:24:13]} Nh5 {[%clk 0:04:52]} 26.f4 {[%clk 0:21:14]}
Bxa4 {[%clk 0:04:12]} 27.Rdc1 {[%clk 0:19:02]} g6 {[%clk 0:03:40]}
28.Qg4 {[%clk 0:17:59]} Qd8 {[%clk 0:03:07]} 29.Bc3 {[%clk 0:11:38]}
Bxa3 {[%clk 0:02:26]} 30.Rf1 {[%clk 0:12:04]} Bf8 {[%clk 0:01:41]}
31.f5 {[%clk 0:10:49]} Nxg5 {[%clk 0:01:59]} 32.fxg6 {[%clk 0:06:13]}
fxg6 {[%clk 0:02:13]} 33.Nhxg6 {[%clk 0:06:04]} hxg6 {[%clk 0:02:40]}
34.Nxg6 {[%clk 0:06:26]} Ng7 {[%clk 0:02:40]} 35.Rxb6 {[%clk 0:03:29]}
Qxb6 {[%clk 0:00:58]} 36.Qxg5 {[%clk 0:03:27]} Rf7 {[%clk 0:00:39]}
37.Bxd5 {[%clk 0:03:43]} Re6 {[%clk 0:01:05]} 38.Rxf7 {[%clk 0:00:54]}
Kxf7 {[%clk 0:01:34]} 39.Nf4 {[%clk 0:00:33]} Bc2 {[%clk 0:00:34]}
40.e4 {[%clk 0:30:33]} Bxe4 {[%clk 0:30:40]} 41.Bxc4 {[%clk 0:09:00]}
Qb1+ {[%clk 0:23:01]} 42.Kf2 {[%clk 0:09:26]} Qc2+ {[%clk 0:22:37]}
43.Ne2 {[%clk 0:09:35]} Bd6 {[%clk 0:15:08]} 44.Qd2 {[%clk 0:08:24]}
Qa4 {[%clk 0:14:17]} 45.Bxe6+ {[%clk 0:07:19]} Nxe6 {[%clk 0:14:41]}
46.Ng3 {[%clk 0:07:35]} Bg6 {[%clk 0:11:58]} 47.Qe3 {[%clk 0:06:11]}
Nf4 {[%clk 0:10:55]} 48.Bd2 {[%clk 0:04:25]} Qa2 {[%clk 0:03:11]}
49.Ne2 {[%clk 0:03:54]} Nd3+ {[%clk 0:01:33]} 50.Kg2 {[%clk 0:04:18]}
Kg8 {[%clk 0:01:41]} 51.Qg5 {[%clk 0:03:37]} Qf7 {[%clk 0:01:30]}
52.Qd8+ {[%clk 0:01:35]} Kg7 {[%clk 0:01:42]} 53.Qh4 {[%clk 0:01:53]}
Be4+ {[%clk 0:01:27]} 54.Kg1 {[%clk 0:01:48]} Qf3 {[%clk 0:01:27]}
55.Qg5+ {[%clk 0:00:33]} Kf7 {[%clk 0:01:32]} 0-1

[Event "Team men PL"]
[Site "Sochi"]
[Date "2020.11.27"]
[Round "8.14"]
[White "Malakhov, Vladimir"]
[Black "Nozdrachev, Leonid"]
[Result "1-0"]
[BlackElo "2391"]
[WhiteElo "2676"]
[LiveChessVersion "1.4.8"]

1.Nf3 {[%clk 1:30:48]} Nf6 {[%clk 1:30:47]} 2.g3 {[%clk 1:31:11]}
d5 {[%clk 1:31:08]} 3.Bg2 {[%clk 1:31:26]} e6 {[%clk 1:31:30]}
4.O-O {[%clk 1:27:29]} Be7 {[%clk 1:31:37]} 5.c4 {[%clk 1:27:52]}
O-O {[%clk 1:31:55]} 6.d4 {[%clk 1:28:14]} dxc4 {[%clk 1:32:11]}
7.Qc2 {[%clk 1:28:14]} a6 {[%clk 1:29:41]} 8.a4 {[%clk 1:28:15]}
Bd7 {[%clk 1:29:16]} 9.Qxc4 {[%clk 1:28:26]} Bc6 {[%clk 1:28:42]}
10.Bg5 {[%clk 1:28:36]} Bd5 {[%clk 1:28:13]} 11.Qc2 {[%clk 1:19:41]}
Be4 {[%clk 1:27:32]} 12.Qc1 {[%clk 1:19:32]} h6 {[%clk 1:25:35]}
13.Bxf6 {[%clk 1:19:46]} Bxf6 {[%clk 1:26:02]} 14.Nc3 {[%clk 1:13:17]}
Bxf3 {[%clk 1:24:10]} 15.Bxf3 {[%clk 1:13:43]} c6 {[%clk 1:24:15]}
16.e3 {[%clk 1:13:00]} a5 {[%clk 1:23:40]} 17.Rd1 {[%clk 1:11:08]}
Na6 {[%clk 1:21:21]} 18.h4 {[%clk 1:04:47]} Qb6 {[%clk 1:17:10]}
19.h5 {[%clk 1:00:25]} Rad8 {[%clk 1:13:04]} 20.Ne4 {[%clk 0:45:46]}
Be7 {[%clk 1:11:01]} 21.Qc4 {[%clk 0:41:29]} Nb4 {[%clk 1:03:48]}
22.Rac1 {[%clk 0:40:06]} Nd5 {[%clk 1:00:56]} 23.Rc2 {[%clk 0:36:38]}
Qb4 {[%clk 0:58:04]} 24.b3 {[%clk 0:35:06]} Nb6 {[%clk 0:44:49]}
25.Qxb4 {[%clk 0:33:48]} Bxb4 {[%clk 0:43:34]} 26.Nc5 {[%clk 0:33:19]}
Bxc5 {[%clk 0:40:44]} 27.Rxc5 {[%clk 0:33:45]} Ra8 {[%clk 0:41:02]}
28.e4 {[%clk 0:34:09]} Rfd8 {[%clk 0:38:48]} 29.Kf1 {[%clk 0:34:10]}
Kf8 {[%clk 0:37:02]} 30.Ke2 {[%clk 0:33:54]} Ra6 {[%clk 0:27:09]}
31.Ke3 {[%clk 0:17:41]} Nd7 {[%clk 0:22:57]} 32.Rc4 {[%clk 0:18:00]}
Ke7 {[%clk 0:21:15]} 33.Be2 {[%clk 0:14:07]} Rb6 {[%clk 0:18:05]}
34.Rb1 {[%clk 0:14:28]} Rc8 {[%clk 0:12:59]} 35.f4 {[%clk 0:12:06]}
Rd8 {[%clk 0:07:06]} 36.g4 {[%clk 0:10:14]} Rh8 {[%clk 0:04:20]}
37.Bf3 {[%clk 0:08:59]} Rd8 {[%clk 0:04:17]} 38.Rb2 {[%clk 0:08:07]}
Re8 {[%clk 0:04:02]} 39.e5 {[%clk 0:05:18]} f6 {[%clk 0:02:55]}
40.b4 {[%clk 0:34:02]} Ra8 {[%clk 0:30:50]} 41.b5 {[%clk 0:31:19]}
fxe5 {[%clk 0:18:48]} 42.fxe5 {[%clk 0:30:39]} cxb5 {[%clk 0:14:47]}
43.axb5 {[%clk 0:30:24]} a4 {[%clk 0:11:23]} 44.Rcb4 {[%clk 0:30:46]}
Nb8 {[%clk 0:10:03]} 45.Be2 {[%clk 0:30:31]} Ra5 {[%clk 0:03:52]}
46.Ra2 {[%clk 0:29:37]} a3 {[%clk 0:01:14]} 47.Rb3 {[%clk 0:29:37]}
Na6 {[%clk 0:00:42]} 48.Raxa3 {[%clk 0:30:00]} Rxa3 {[%clk 0:00:59]}
49.Rxa3 {[%clk 0:30:26]} Nb4 {[%clk 0:00:54]} 50.Ra5 {[%clk 0:30:01]}
Kd7 {[%clk 0:01:03]} 51.Kd2 {[%clk 0:30:15]} Nd5 {[%clk 0:00:52]}
52.Kc2 {[%clk 0:30:26]} Nf4 {[%clk 0:00:57]} 53.Bf1 {[%clk 0:30:33]}
g6 {[%clk 0:01:06]} 54.hxg6 {[%clk 0:30:54]} Nxg6 {[%clk 0:01:35]}
55.Kb3 {[%clk 0:30:45]} Nf4 {[%clk 0:01:01]} 56.Kc4 {[%clk 0:30:55]}
Kc7 {[%clk 0:01:11]} 57.Ra3 {[%clk 0:31:01]} 1-0

[Event "Team men PL"]
[Site "Sochi"]
[Date "2020.11.27"]
[Round "8.15"]
[White "Smirnov, Timofey"]
[Black "Predke, Alexandr"]
[Result "1/2-1/2"]
[BlackElo "2696"]
[WhiteElo "2394"]
[LiveChessVersion "1.4.8"]

1.e4 {[%clk 1:30:56]} e5 {[%clk 1:30:17]} 2.Nf3 {[%clk 1:31:18]}
Nc6 {[%clk 1:30:44]} 3.Bc4 {[%clk 1:30:15]} Bc5 {[%clk 1:31:00]}
4.O-O {[%clk 1:29:39]} Nf6 {[%clk 1:31:14]} 5.d3 {[%clk 1:29:55]}
d6 {[%clk 1:31:13]} 6.c3 {[%clk 1:29:36]} a6 {[%clk 1:31:39]}
7.Bb3 {[%clk 1:29:19]} O-O {[%clk 1:28:38]} 8.Bg5 {[%clk 1:29:13]}
h6 {[%clk 1:28:43]} 9.Be3 {[%clk 1:29:37]} Re8 {[%clk 1:23:43]}
10.Nbd2 {[%clk 1:28:36]} Bxe3 {[%clk 1:20:08]} 11.fxe3 {[%clk 1:28:58]}
Be6 {[%clk 1:20:33]} 12.Re1 {[%clk 1:19:20]} d5 {[%clk 1:03:43]}
13.Qc2 {[%clk 1:11:56]} dxe4 {[%clk 1:03:13]} 14.Nxe4 {[%clk 1:10:59]}
Nxe4 {[%clk 1:02:02]} 15.dxe4 {[%clk 1:11:08]} Nb8 {[%clk 0:48:24]}
16.Rad1 {[%clk 1:08:04]} Nd7 {[%clk 0:48:08]} 17.Bd5 {[%clk 1:01:53]}
Qc8 {[%clk 0:43:56]} 18.Nd2 {[%clk 0:52:41]} Nf6 {[%clk 0:36:22]}
19.Nc4 {[%clk 0:48:39]} Rd8 {[%clk 0:36:49]} 20.Nxe5 {[%clk 0:48:04]}
Nxd5 {[%clk 0:37:12]} 21.exd5 {[%clk 0:48:29]} Rxd5 {[%clk 0:37:40]}
22.Rxd5 {[%clk 0:46:51]} Bxd5 {[%clk 0:38:07]} 23.e4 {[%clk 0:46:42]}
Be6 {[%clk 0:36:30]} 24.a3 {[%clk 0:45:34]} Qf8 {[%clk 0:32:49]}
25.Nf3 {[%clk 0:44:37]} c5 {[%clk 0:30:00]} 26.h3 {[%clk 0:39:51]}
Qe7 {[%clk 0:29:42]} 27.Qf2 {[%clk 0:37:22]} Rd8 {[%clk 0:24:02]}
28.Re2 {[%clk 0:34:56]} Bc4 {[%clk 0:21:59]} 29.Rd2 {[%clk 0:28:07]}
Re8 {[%clk 0:22:25]} 30.e5 {[%clk 0:27:51]} Bb5 {[%clk 0:17:47]}
31.Rd1 {[%clk 0:26:01]} Bc6 {[%clk 0:15:38]} 32.Re1 {[%clk 0:22:29]}
Bd5 {[%clk 0:16:03]} 33.Nh4 {[%clk 0:14:49]} g6 {[%clk 0:15:27]}
34.Nf3 {[%clk 0:14:51]} Kg7 {[%clk 0:14:57]} 35.Nd2 {[%clk 0:13:43]}
Qg5 {[%clk 0:05:57]} 36.Nf3 {[%clk 0:09:34]} Qf5 {[%clk 0:03:02]}
37.Qxc5 {[%clk 0:06:57]} Bxf3 {[%clk 0:03:23]} 38.Rf1 {[%clk 0:07:26]}
Rxe5 {[%clk 0:02:14]} 39.Qd4 {[%clk 0:07:33]} Qe4 {[%clk 0:01:17]}
40.Rxf3 {[%clk 0:36:59]} Qxd4+ {[%clk 0:31:14]} 41.cxd4 {[%clk 0:37:26]}
Rb5 {[%clk 0:30:27]} 42.b4 {[%clk 0:33:17]} Rd5 {[%clk 0:30:12]}
43.Rc3 {[%clk 0:33:16]} Rxd4 {[%clk 0:28:12]} 44.Rc7 {[%clk 0:33:39]}
Rd3 {[%clk 0:28:40]} 45.Rxb7 {[%clk 0:33:56]} Rxa3 {[%clk 0:29:07]}
46.b5 {[%clk 0:34:16]} a5 {[%clk 0:28:14]} 47.Ra7 {[%clk 0:34:33]}
g5 {[%clk 0:27:22]} 48.b6 {[%clk 0:34:33]} Kg6 {[%clk 0:27:18]}
49.b7 {[%clk 0:34:39]} Rb3 {[%clk 0:27:44]} 50.Rxa5 {[%clk 0:34:46]}
Rxb7 {[%clk 0:27:10]} 51.g4 {[%clk 0:30:14]} Rb2 {[%clk 0:27:36]}
52.Ra6+ {[%clk 0:30:31]} Kg7 {[%clk 0:27:29]} 53.Ra7 {[%clk 0:27:16]}
Re2 {[%clk 0:26:18]} 54.Rb7 {[%clk 0:25:38]} h5 {[%clk 0:25:26]}
55.Rb5 {[%clk 0:20:56]} f6 {[%clk 0:23:48]} 56.Rb7+ {[%clk 0:21:07]}
Kg6 {[%clk 0:23:32]} 57.Rb4 {[%clk 0:20:46]} hxg4 {[%clk 0:23:05]}
58.hxg4 {[%clk 0:21:01]} Rd2 {[%clk 0:20:55]} 59.Re4 {[%clk 0:20:43]}
Rc2 {[%clk 0:20:12]} 60.Kf1 {[%clk 0:20:44]} Kf7 {[%clk 0:20:25]}
61.Kg1 {[%clk 0:20:56]} Rd2 {[%clk 0:20:24]} 62.Kf1 {[%clk 0:20:48]}
Rh2 {[%clk 0:20:49]} 63.Kg1 {[%clk 0:20:41]} Rh4 {[%clk 0:18:17]}
64.Kf2 {[%clk 0:21:00]} f5 {[%clk 0:18:46]} 65.Re5 {[%clk 0:21:23]}
Rxg4 {[%clk 0:19:11]} 66.Rxf5+ {[%clk 0:21:48]} Kg6 {[%clk 0:19:34]} 1/2-1/2

[Event "Team men PL"]
[Site "Sochi"]
[Date "2020.11.27"]
[Round "8.16"]
[White "Inarkiev, Ernesto"]
[Black "Tsoi, Dmitry"]
[Result "1-0"]
[BlackElo "2315"]
[WhiteElo "2661"]
[LiveChessVersion "1.4.8"]

1.d4 {[%clk 1:30:51]} d5 {[%clk 1:30:56]} 2.c4 {[%clk 1:31:15]}
e6 {[%clk 1:31:21]} 3.Nc3 {[%clk 1:30:46]} f5 {[%clk 1:31:37]}
4.Bf4 {[%clk 1:29:26]} Nf6 {[%clk 1:31:55]} 5.e3 {[%clk 1:29:53]}
c6 {[%clk 1:32:18]} 6.Nf3 {[%clk 1:29:28]} Bd6 {[%clk 1:32:40]}
7.Bxd6 {[%clk 1:15:56]} Qxd6 {[%clk 1:33:03]} 8.Be2 {[%clk 1:16:19]}
O-O {[%clk 1:33:23]} 9.O-O {[%clk 1:16:46]} Nbd7 {[%clk 1:33:35]}
10.Qc2 {[%clk 1:17:12]} Ne4 {[%clk 1:33:37]} 11.Rab1 {[%clk 1:17:30]}
a6 {[%clk 1:29:31]} 12.b4 {[%clk 1:05:27]} b5 {[%clk 1:27:29]}
13.c5 {[%clk 1:05:48]} Qe7 {[%clk 1:27:45]} 14.a4 {[%clk 1:06:13]}
e5 {[%clk 1:22:26]} 15.Ra1 {[%clk 0:55:45]} Rb8 {[%clk 1:18:50]}
16.axb5 {[%clk 0:53:11]} Nxc3 {[%clk 1:18:14]} 17.Qxc3 {[%clk 0:39:36]}
e4 {[%clk 1:18:31]} 18.Nd2 {[%clk 0:34:13]} axb5 {[%clk 1:18:48]}
19.Ra7 {[%clk 0:34:33]} Qe6 {[%clk 1:05:17]} 20.Rfa1 {[%clk 0:29:22]}
Nf6 {[%clk 1:04:49]} 21.Qa3 {[%clk 0:28:57]} Bd7 {[%clk 0:47:08]}
22.f4 {[%clk 0:27:11]} exf3 {[%clk 0:38:26]} 23.Nxf3 {[%clk 0:27:25]}
Ng4 {[%clk 0:37:17]} 24.h3 {[%clk 0:25:10]} Nh6 {[%clk 0:30:50]}
25.Ne5 {[%clk 0:24:04]} Rbd8 {[%clk 0:28:50]} 26.Qa6 {[%clk 0:16:57]}
Be8 {[%clk 0:20:43]} 27.Bxb5 {[%clk 0:14:17]} Nf7 {[%clk 0:20:57]}
28.Rxf7 {[%clk 0:13:10]} Rxf7 {[%clk 0:20:55]} 29.Bxc6 {[%clk 0:11:36]}
Qh6 {[%clk 0:21:01]} 30.Bxe8 {[%clk 0:08:40]} Qxe3+ {[%clk 0:21:24]}
31.Kh1 {[%clk 0:09:03]} Rf6 {[%clk 0:21:49]} 32.Bf7+ {[%clk 0:07:39]}
Rxf7 {[%clk 0:22:16]} 33.Qe6 {[%clk 0:07:37]} Rdf8 {[%clk 0:22:44]}
34.Qxd5 {[%clk 0:07:15]} h6 {[%clk 0:23:07]} 35.b5 {[%clk 0:07:04]}
f4 {[%clk 0:23:34]} 36.Rf1 {[%clk 0:06:36]} 1-0